| 000 | 00823nam a2200229Ia 4500 | ||
|---|---|---|---|
| 999 |
_c39315 _d39315 |
||
| 001 | 5901 | ||
| 003 | GE_BSU | ||
| 005 | 20190822105915.0 | ||
| 008 | 181216s1936||||ge |||||||||||||| ||geo|| | ||
| 040 | _cGE_BSU | ||
| 041 | _ageo | ||
| 080 | _a821.353.1-1 ა-13 | ||
| 100 |
_aაბაშიძე, გრიგოლ _91383 |
||
| 245 |
_aლირიკა : _bპოემები, თარგმანი / _cგრიგოლ აბაშიძე ; რედ. კ. აბაშიძე. |
||
| 264 |
_aთბილისი : _bფედერაცია ; _c1936. |
||
| 300 |
_a198 გვ. ; _c19 სმ. |
||
| 653 | _aლირიკა | ||
| 653 | _aპოემები | ||
| 653 | _aთარგმანი | ||
| 700 |
_aაბაშიძე, კ. _eრედაქტორი _93737 |
||
| 942 |
_cBK _2udc |
||